000 00902nam a22002777a 4500
001 0011963
003 KOHA_MİRAKIL
005 20260207001835.0
007 ta
008 090729b2008 us |||gr||||#||||0|Eng |
020 _a9780073047881
_q(hard copy : alk. paper)
020 _a0073047880
_q(hard copy : alk. paper)
_c110,08
040 _aTR-BiSEU
_btur
_cTR-BiSEU
_erda
041 0 _aEng
044 _cus
050 _aQD251.2
_b.A85 2008
100 1 _aAtkins, Robert C. .
245 1 _aStudent solutions manual to accompany organic chemistry/
_cRobert C. Atkins ; Robert C. Atkins, Francis A. Carey; edited by Thomas D. Timp.
250 _a7th ed.
264 1 _aDubuque, IA :
_bMcGraw-Hill Companies
_c2008
300 _a916 sayfa: resimli; 35 cm.
336 _ametin
_btxt
_2rdacontent
337 _aaracısız
_bn
_2rdamedia
338 _acilt
_bnc
_2rdacarrier
942 _2lcc
_cBK
999 _c11932
_d11932